|
|
|
|
| LEADER |
01244nam a22003137a 4500 |
| 001 |
39359 |
| 003 |
BD-DhAAL |
| 008 |
220814t2019 maua b 001 0 eng d |
| 999 |
|
|
|c 44802
|d 44802
|
| 020 |
|
|
|a 9780692196380
|
| 020 |
|
|
|a 0692196382
|
| 040 |
|
|
|a BD-DhAAL
|c BD-DhAAL
|
| 082 |
|
|
|a 512.5
|2 23
|
| 100 |
|
|
|a Strang, Gilbert,
|e author.
|9 50843
|
| 245 |
|
|
|a Linear algebra and learning from data /
|c Gilbert Strang.
|
| 260 |
|
|
|a Wellesley, MA :
|b Wellesley-Cambridge Press,
|c c2019.
|
| 300 |
|
|
|a xiii, 432 pages :
|b illustrations ;
|c 25 cm.
|
| 504 |
|
|
|a Includes bibliographical references and index.
|
| 526 |
|
|
|a MNS
|
| 541 |
|
|
|a Paragon Enterprises LTD
|e 39359
|
| 650 |
|
|
|a Algebras, Linear
|v Textbooks.
|9 50844
|
| 650 |
|
|
|a Mathematical optimization
|v Textbooks.
|9 50845
|
| 650 |
|
|
|a Mathematical statistics
|v Textbooks.
|9 50846
|
| 650 |
|
|
|a Algebras, Linear.
|9 50847
|
| 650 |
|
|
|a Mathematical optimization.
|9 50848
|
| 650 |
|
|
|a Mathematical statistics.
|9 50849
|
| 852 |
|
|
|a Ayesha Abed Library
|c General Stacks
|
| 942 |
|
|
|2 ddc
|c BK
|
| 952 |
|
|
|0 0
|1 0
|2 ddc
|4 0
|6 512_500000000000000_STR
|7 0
|9 71633
|a BRACUL
|b BRACUL
|c GEN
|d 2022-08-08
|e Paragon Enterprises LTD
|g 5473.00
|l 6
|m 42
|o 512.5 STR
|p 3010039359
|r 2026-05-20
|s 2026-01-31
|t 1
|v 5473.00
|w 2022-08-08
|y BK
|